Szczegóły MARC21

Potencjał jednostek samorządu terytorialnego w gospodarce postcovidowej /

003 -Nazwa inst., której nr kontr. jest w polu 001 [,]
    • @
    • Nazwa instytucji, której n kontrolny jest w polu 001
    • NUKAT
005 -DATA I CZAS OSTATNIEJ MODYFIKACJI [,]
    • @
    • pole kontrolne
    • 20250403142743.0
020 -Międzynarod. znormalizowany nr książki - ISBN [ , ]
    • a
    • Numer ISBN
    • 9788379727612 Find
    • q
    • Dopowiedzenie
    • online
020 -Międzynarod. znormalizowany nr książki - ISBN [ , ]
    • a
    • Numer ISBN
    • 9788379727605 Find
    • q
    • Dopowiedzenie
    • print
040 -Instytucja sporządzająca opis [ , ]
    • a
    • Instytucja, która sporządziła opis (NP)
    • KR 7/MN
    • b
    • Język katalogowania
    • pol
    • e
    • Zasady katalogowania
    • rda
    • c
    • Instytucja, która sporządziła rekord (NP)
    • KR 7/MNs
    • d
    • Instytucja, która zmodyfikowała rekord (P)
    • KR 7/MN
041 -Język dokumentu [0, ]
    • a
    • Język tekstu (P)
    • polski
    • b
    • Język streszczeń lub abstraktu (P)
    • angielski
942 -Rodzaj dokumentu [ , ]
    • c
    • Rodzaj dokumentu
    • Książka
100 -Hasło główne - nazwa osobowa [1, ]
    • a
    • Nazwa osobowa (NP)
    • Filipiak, Beata
    • d
    • Daty biograficzne (NP)
    • (1967- ).
    • e
    • Rodzaj współpracy
    • Autor
    • 9
    • KHW
    • 40913
245 -Strefa tytułu i oznaczenia odpowiedzialności [1,0]
    • a
    • Tytuł
    • Potencjał jednostek samorządu terytorialnego w gospodarce postcovidowej / Find
    • c
    • Pozostałe elementy strefy tytułu i oznaczenia odpowiedzialności (NP)
    • Beata Zofia Filipiak, Dorota Wyszkowska, Marek Dylewski, Jacek Sierak ; Uniwesytet Szczeciński.
250 -Strefa wydania [ , ]
    • a
    • Oznaczenie wydania (NP)
    • Wydanie I.
260 -Strefa adresu wydawniczego [ , ]
    • a
    • Miejsce wydania (P)
    • Szczecin :
    • b
    • Nazwa wydawcy (P)
    • Wydawnictwo Naukowe Uniwersytetu Szczecińskiego,
    • c
    • Data wydania (P)
    • 2024.
300 -Strefa opisu fizycznego [ , ]
    • a
    • Określenie formy książki i/lub objętość (NP)
    • 117 stron :
    • b
    • Oznaczenie ilustracji (NP)
    • ilustracje ;
    • c
    • Format (NP)
    • 24 cm.
336 -Typ zawartości [ , ]
    • a
    • Termin opisujący typ zawartości
    • Tekst
    • b
    • Kod określający zawartość
    • txt
    • 2
    • Źródło (terminu i kodu)
    • rdacontent
337 -Typ mediów [ , ]
    • a
    • Tryb odtwarzania
    • Bez urządzenia pośredniczącego
    • b
    • Kod typu mediów
    • n
    • 2
    • Źródło (terminu i kodu)
    • rdamedia
338 -Typ/rodzaj nośnika [ , ]
    • a
    • Hasło opisujące typ nośnika
    • Wolumin
    • b
    • Kod typu nośnika
    • nc
    • 2
    • Źródło (terminu i kodu)
    • rdacarrier
380 -Deskryptor - Forma dzieła (P) [ , ]
    • a
    • forma dzieła (NP)
    • Książki
380 -Deskryptor - Forma dzieła (P) [ , ]
    • a
    • forma dzieła (NP)
    • Publikacje naukowe
388 -Deskryptor - czas powstania dzieła (P) [1, ]
    • a
    • Czas powstania dzieła (NP)
    • 2001-
490 -Strefa serii i książki wielotomowej - forma nie do wyszukiwania [1, ]
    • a
    • Tytuł (P)
    • Rozprawy i Studia / Uniwersytet Szczeciński, Find
    • x
    • ISSN (NP)
    • 0860-2751 ;
    • v
    • Numeracja (P)
    • t. 1319
830 -Hasło dodatkowe serii i opisu książki wielotomowej - tytuł ujednolicony/tytuł [ ,0]
    • a
    • Tytuł ujednolicony/tytuł (NP)
    • Rozprawy i Studia - Uniwersytet Szczeciński
    • x
    • ISSN
    • 0860-2751
    • v
    • Oznaczenie tomu (NP)
    • t. 1319
    • 9
    • KHW
    • 700
504 -Uwaga dot. bibliogr. załącznikowej [ , ]
    • a
    • Uwaga dot. bibliografii załącznikowej
    • Bibliografia na stronach 103-110.
546 -Uwaga dot. języka [ , ]
    • a
    • Uwaga dot. języka
    • Streszczenie w języku angielskim.
650 -Hasło przedmiotowe [ ,7]
    • a
    • Hasło przedmiotowe
    • Samorząd terytorialny
    • 2
    • Źródło terminu
    • DBN
    • 9
    • KHW
    • 723747
650 -Hasło przedmiotowe [ ,7]
    • a
    • Hasło przedmiotowe
    • Budżety terenowe
    • 2
    • Źródło terminu
    • DBN
    • 9
    • KHW
    • 724665
650 -Hasło przedmiotowe [ ,7]
    • a
    • Hasło przedmiotowe
    • Samorząd lokalny
    • x
    • Określnik rzeczowy
    • aspekt ekonomiczny.
    • 2
    • Źródło terminu
    • kaba
    • 9
    • KHW
    • 366568
650 -Hasło przedmiotowe [ ,7]
    • a
    • Hasło przedmiotowe
    • Pandemia COVID-19 (2020- )
    • x
    • Określnik rzeczowy
    • aspekt ekonomiczny.
    • 2
    • Źródło terminu
    • kaba
    • 9
    • KHW
    • 601531
650 -Hasło przedmiotowe [ ,7]
    • a
    • Hasło przedmiotowe
    • Pandemia COVID-19 (2020- )
    • z
    • Określnik geograficzny
    • Polska.
    • 2
    • Źródło terminu
    • kaba
    • 9
    • KHW
    • 632680
650 -Hasło przedmiotowe [ ,7]
    • a
    • Hasło przedmiotowe
    • COVID-19
    • 2
    • Źródło terminu
    • DBN
    • 9
    • KHW
    • 724281
651 -Hasło przedmiotowe w formie nazwy geograficznej [ ,7]
    • a
    • Nazwa geograficzna
    • Polska
    • 2
    • Źródło terminu
    • DBN
    • 9
    • KHW
    • 721438
655 -Hasło w funkcji tematu formalnego [ ,7]
    • a
    • Hasło
    • Opracowanie
    • 2
    • Źródło terminu
    • DBN
    • 9
    • KHW
    • 721206
658 -Ujęcie treści [ , ]
    • a
    • dziedzina nauki i sztuki/ sfera aktywności życiowej
    • Gospodarka, ekonomia, finanse
700 -Hasło dodatkowe - nazwa osobowa [1, ]
    • a
    • Nazwa osobowa (NP)
    • Wyszkowska, Dorota. Find
    • e
    • Określenie rodzaju współpracy
    • Autor
    • 9
    • KHW
    • 616823
700 -Hasło dodatkowe - nazwa osobowa [1, ]
    • a
    • Nazwa osobowa (NP)
    • Dylewski, Marek Find
    • d
    • Daty biograficzne (NP)
    • (1965- ).
    • e
    • Określenie rodzaju współpracy
    • Autor
    • 9
    • KHW
    • 15150
700 -Hasło dodatkowe - nazwa osobowa [1, ]
    • a
    • Nazwa osobowa (NP)
    • Sierak, Jacek. Find
    • e
    • Określenie rodzaju współpracy
    • Autor
    • 9
    • KHW
    • 17632
710 -Hasło dodatkowe - nazwa ciała zbiorowego [2, ]
    • a
    • Nazwa ciała zbiorowego lub nazwa geograficzna jako pierwszy element (NP)
    • Uniwersytet Szczeciński.
    • e
    • Rodzaj współpracy
    • Instytucja sprawcza
    • 9
    • KHW
    • 9119
710 -Hasło dodatkowe - nazwa ciała zbiorowego [2, ]
    • a
    • Nazwa ciała zbiorowego lub nazwa geograficzna jako pierwszy element (NP)
    • Uniwersytet Szczeciński.
    • b
    • Nazwa jednostki podrzędnej (P)
    • Wydawnictwo Naukowe.
    • e
    • Rodzaj współpracy
    • Wydawca
    • 4
    • Kod relacji
    • pbl
    • 9
    • KHW
    • 51208
920 -ISBN [ , ]
    • a
    • ISBN
    • 978-83-7972-761-2 (online) Find
920 -ISBN [ , ]
    • a
    • ISBN
    • 978-83-7972-760-5 (print) Find
Status udost. Numer inwentarzowy Lokalizacja Data inwentaryzacji
-2E.81484BE2024-12-02
1Z.126866BG2024-12-02